Popular Fonts Quiz Stats

 Plays Quiz Updated Feb 23, 2012

Also try: Fabulous Fonts
Challenge
Share
Tweet
Embed
Score 0/24 Timer 04:00
5 Plays Today
platform font % Correct
on MacintoshTimes
94.7%
on WindowsTimes New Roman
83.7%
on WindowsArial
82.3%
on MacintoshArial
80.7%
on WindowsComic Sans MS
60.4%
on MacintoshHelvetica
42.6%
on MacintoshCourier
36.7%
on WindowsCourier New
36.6%
on WindowsVerdana
27.2%
on MacintoshVerdana
27.1%
on WindowsTahoma
19.5%
on WindowsGeorgia
17.8%
platform font % Correct
on WindowsTrebuchet MS
8.5%
on MacintoshLucida Sans
6%
on WindowsMicrosoft Sans Serif
5.8%
on WindowsLucida Sans
5.7%
on WindowsPalatino Linotype
5%
on MacintoshGeneva
4.2%
on MacintoshHelvetica Neue
3.7%
on WindowsFranklin Gothic Medium
3.6%
on MacintoshLucida Bright
3%
on MacintoshLucida Sans Typewriter
2.4%
on MacintoshMonaco
2%
on MacintoshLucida Grande
1.8%

You're not logged in!

Compare scores with friends on all Sporcle quizzes.
Join for Free
OR
Log In

You Might Also Like...

Show Comments

Extras

Top Quizzes Today


Score Distribution

Your Account Isn't Verified!

In order to create a playlist on Sporcle, you need to verify the email address you used during registration. Go to your Sporcle Settings to finish the process.

Report this User

Report this user for behavior that violates our Community Guidelines.

Details: